000 00908nam a22002417a 4500
005 20130923153629.0
010 _aB-514556-593
020 _a8184821530
_c225.00
020 _a9788184821536
_c225.00
035 _aB-514556-593
037 _bUBH/Ven.
082 _aS
245 _aMore Stories from the Jatakas /
_cedited by Anant pai; illustrated by Chandakant D. Rane
260 _aMumbai
_bAmar Chitra Katha
_c2012
270 _aKrishna House, 3rd Floor, Raghuvanshi Mill Compound, S.B. Marg, Lower Parel (W)
_bMumbai
_e400013
300 _avarious pages.
_c20cm(Hb)
_bcol.ill.
500 _a5-In-1
505 _aThe Mouse Merchant, The Giani and the Dwarf, The Magic Chant, The Priceless Gem, Tales of Misers
700 _aPai, Anant
700 _aRane,Chandakant D.
942 _2ddc
_cCH
_mMOR
_hS
999 _c79052
_d79052